El Pensamiento militar latinoamericano. Fuerzas armadas latinoamericanas y transición a la democracia /

محفوظ في:
التفاصيل البيبلوغرافية
المؤلف الرئيسي: Castillo Aliaga, Alamiro
مؤلفون آخرون: Moloeznik, Marcos Pablo
التنسيق: نص
منشور في: Jalisco: Universidad de Guadalajara
الوسوم: إضافة وسم
لا توجد وسوم, كن أول من يضع وسما على هذه التسجيلة!

MARC

LEADER 00000 a a2200000 04500
001 23115
003
040
020 |a 968-895-346-6  
090 |a 159500  
100 |a Castillo Aliaga, Alamiro  
245 |a El Pensamiento militar latinoamericano. Fuerzas armadas latinoamericanas y transición a la democracia /  |c Alamiro Castillo Aliaga 
260 |a Jalisco:   |b Universidad de Guadalajara  
300 |a 246 p.; VOL. 1  
700 |a Moloeznik, Marcos Pablo  
999 |c 316  |d 316